| 000 | 00610cam a22002052 4500 | ||
|---|---|---|---|
| 001 | 0000009495 | ||
| 005 | 20151217152055.0 | ||
| 008 | 081031s xx 000 0 eng d | ||
| 020 |
_a0415333900 : _cDonation |
||
| 040 |
_aKABU _cKABU |
||
| 245 | 1 | 0 |
_aTourism, ethnic diversity and the city / _cedited by Jan Rath. |
| 260 |
_aLondon : _bRoutledge, _c2007. |
||
| 300 | _axviii, 222 p. | ||
| 650 | 0 |
_aTourism. _@0000149683 |
|
| 650 | 0 |
_aEthnic groups _xEconomic aspects. _@0000161016 |
|
| 700 | 1 |
_aRath, Jan. _@0000161017 |
|
| 908 | _a081031 | ||
| 950 | _@1 | ||
| 999 |
_c7928 _d7928 |
||